Η νομοθεσία της Ευρωπαϊκής Ένωσης για το περιβάλλον
Αποθηκεύτηκε σε:
| Συγγραφή απο Οργανισμό/Αρχή: | |
|---|---|
| Μορφή: | Βιβλίο |
| Γλώσσα: | Greek English |
| Δημοσίευση: |
Λουξεμβούργο :
Υπηρεσία Επισήμων Εκδόσεων των Ευρωπαϊκών Κοινοτήτων,
c1995.
|
| Θέματα: | |
| Ετικέτες: |
Προσθήκη ετικέτας
Δεν υπάρχουν, Καταχωρήστε ετικέτα πρώτοι!
|
MARC
| LEADER | 00000cam a2200000 i 4500 | ||
|---|---|---|---|
| 001 | 1/86384 | ||
| 008 | 990712s1995 lu | ||| |||| ||gre|| | ||
| 020 | |a 9282655938 |q (σετ) | ||
| 020 | |a 9282655253 |q (τ.1) | ||
| 020 | |a 9282655326 |q (τ.2) | ||
| 020 | |a 9282655393 |q (τ.3) | ||
| 020 | |a 9282655466 |q (τ.4) | ||
| 020 | |a 9282655539 |q (τ.5) | ||
| 020 | |a 9282655601 |q (τ.6) | ||
| 020 | |a 9282655679 |q (τ.7) | ||
| 035 | |l 10052067 | ||
| 040 | |a GR-MY-UA |b gre |e aacr | ||
| 041 | 1 | |a gre |h eng | |
| 082 | 7 | |a 344.046 |2 (22) | |
| 110 | 2 | |a Commission of the European Communities. |b Directorate-General Environment, Nuclear Safety and Civil Protection. | |
| 245 | 1 | 2 | |a Η νομοθεσία της Ευρωπαϊκής Ένωσης για το περιβάλλον / |c Ευρωπαική Επιτροπή, Γενική Διεύθυνση ΧΙ: Περιβάλλον, πυρηνική ασφάλεια και πολιτική άμυνα. |
| 260 | |a Λουξεμβούργο : |b Υπηρεσία Επισήμων Εκδόσεων των Ευρωπαϊκών Κοινοτήτων, |c c1995. | ||
| 300 | |a 7 τ. ; |c 24 εκ. | ||
| 500 | |a Μετάφραση του: European Community environmental legislation | ||
| 505 | 0 | |a Τ.1. Γενική πολιτική -- τ.2. Αέρας -- τ.3. Χημικά προϊόντα, βιομηχανικοί κίνδυνοι και βιοτεχνολογία -- τ.4. Φύση -- τ.5. Θόρυβος -- τ.6. Απόβλητα -- τ.7. Νερό | |
| 650 | 0 | 0 | |a Water |x Law and legislation. |
| 650 | 0 | 0 | |a Noise control |x Law and legislation. |
| 650 | 0 | 0 | |a Environmental law. |
| 650 | 0 | 0 | |a Chemicals |x Law and legislation. |
| 650 | 0 | 0 | |a Industrial laws and legislation. |
| 650 | 0 | 0 | |a Air |x Pollution |x Law and legislation. |
| 650 | 0 | 0 | |a Environmental law |z European Union countries. |
| 740 | 0 | |a Γενική πολιτική | |
| 740 | 0 | |a Αέρας | |
| 740 | 0 | |a Χημικά προϊόντα, βιομηχανικοί κίνδυνοι και βιοτεχνολογία | |
| 740 | 0 | |a Φύση | |
| 740 | 0 | |a Θόρυβος | |
| 740 | 0 | |a Απόβλητα | |
| 740 | 0 | |a Νερό | |
| 852 | |a INST |b LESVOS |e 19990712 |h 344.046 EUR |p 005100019922 |q 005100019922 |t BK |y 0 |z τ.1 | ||
| 852 | |a INST |b LESVOS |e 19990712 |h 344.046 EUR |p 005100019923 |q 005100019923 |t BK |y 0 |z τ.2 | ||
| 852 | |a INST |b LESVOS |e 19990712 |h 344.046 EUR |p 005100019924 |q 005100019924 |t BK |y 0 |z τ.3 | ||
| 852 | |a INST |b LESVOS |e 19990712 |h 344.046 EUR |p 005100019925 |q 005100019925 |t BK |y 0 |z τ.4 | ||
| 852 | |a INST |b LESVOS |e 19990712 |h 344.046 EUR |p 005100019926 |q 005100019926 |t BK |y 0 |z τ.5 | ||
| 852 | |a INST |b LESVOS |e 19990712 |h 344.046 EUR |p 005100019927 |q 005100019927 |t BK |y 0 |z τ.6 | ||
| 852 | |a INST |b LESVOS |e 19990712 |h 344.046 EUR |p 005100019928 |q 005100019928 |t BK |y 0 |z τ.7 | ||
| 852 | |a INST |b LESVOS |e 19990712 |h 344.046 EUR |p 005100019922 |q 005100019922 |t BK |v τ.1: |y 0 |z τ.1 | ||
| 852 | |a INST |b LESVOS |e 19990712 |h 344.046 EUR |p 005100019923 |q 005100019923 |t BK |v τ.2: |y 0 |z τ.2 | ||
| 852 | |a INST |b LESVOS |e 19990712 |h 344.046 EUR |p 005100019924 |q 005100019924 |t BK |v τ.3: |y 0 |z τ.3 | ||
| 852 | |a INST |b LESVOS |e 19990712 |h 344.046 EUR |p 005100019925 |q 005100019925 |t BK |v τ.4: |y 0 |z τ.4 | ||
| 852 | |a INST |b LESVOS |e 19990712 |h 344.046 EUR |p 005100019926 |q 005100019926 |t BK |v τ.5: |y 0 |z τ.5 | ||
| 852 | |a INST |b LESVOS |e 19990712 |h 344.046 EUR |p 005100019927 |q 005100019927 |t BK |v τ.6: |y 0 |z τ.6 | ||
| 852 | |a INST |b LESVOS |e 19990712 |h 344.046 EUR |p 005100019928 |q 005100019928 |t BK |v τ.7: |y 0 |z τ.7 | ||
| 853 | |a INST |b LESVOS |h 344.046 EUR | ||
| 901 | |a BIBL1-1999-2 | ||
| 909 | |a Λ |b 064166 | ||
| 909 | |a Λ |b 064165 | ||
| 909 | |a Λ |b 064164 | ||
| 909 | |a Λ |b 064163 | ||
| 909 | |a Λ |b 064162 | ||
| 909 | |a Λ |b 064161 | ||
| 909 | |a Λ |b 064160 | ||
| 922 | |a 1ΕΛΗ |b 199902 |c ΚΠΣ/ΚΥΒ |d EMVASIS | ||
| 950 | |a 023-1998-11-10 | ||
| 970 | |a ΤΖΑΦΕΡΗ |b ΕΥΑΓΓΕΛΙΑ |z 1999/07/12 | ||